MARC

LEADER 00000nam1a2200000 4500
001 59394
005 20231031060251.0
010 |a 5020181692 
035 |a (RuTPU)RU\TPU\book\62786 
090 |a 59394 
100 |a 20031226d2002 k y0rusy50 ca 
101 0 |a rus 
102 |a RU 
200 1 |a Труды по китайской литературе  |e В 2 кн.  |f В. М. Алексеев  |g Российская академия наук; Отделение историко-филологических наук 
210 |a Москва  |c Восточная литература  |d 2002- 
225 1 |a Классики отечественного востоковедения 
700 1 |a Алексеев  |b В. М.  |g Василий Михайлович 
712 0 2 |a Российская академия наук  |b Отделение историко-филологических наук  |2 stltpush  |3 (RuTPU)RU\TPU\col\51 
801 1 |a RU  |b 63413507  |c 20031226  |g PSBO 
801 2 |a RU  |b 63413507  |c 20081223  |g PSBO 
942 |c BK